| 000 | 01002nam a2200289 i 4500 | ||
|---|---|---|---|
| 003 | EG-GICUC | ||
| 005 | 20260418162130.0 | ||
| 008 | 260418s1888 -ukad||fr|||| 001 0 eng d | ||
| 040 |
_aEG-GiCUC _beng _cEG-GiCUC _dEG-GiCUC _eRda |
||
| 041 | 0 | _aeng | |
| 082 | 0 | 4 |
_221 _a330 _bWI . A |
| 092 | 0 | 4 | _221 |
| 099 | _aLaw1 13 330 WI . A 1888 | ||
| 100 | 1 |
_aWicksteed, Philip H _eAuthor. |
|
| 245 | 1 | 4 |
_aThe Alphabet Economic Science. _nPart I , _pElements Of The Theory Of Value Or Worth / _cBy Philip H. Wicksteed. |
| 264 | 1 |
_aLondon : _bMacMillan And Co, _c1888. |
|
| 300 |
_a142 pages : _billustrations, _c18 cm. |
||
| 336 |
_2rda contenu _a texte |
||
| 337 |
_2rda medias _aOrdinateur |
||
| 338 |
_2 transporteur rda _a Ressource en ligne |
||
| 504 | _aIncludes bibliographical references and index. | ||
| 546 | _aText in English | ||
| 650 | 1 | 4 | _2Public finance and tax legislation |
| 856 | 4 | 0 | _uhttps://fll.law.cu.edu.eg/fulltext/bks/B13-04781.pdf |
| 905 | _a48 | ||
| 942 |
_2ddc _cBK _e21 _n0 |
||
| 999 |
_c71676 _d71676 |
||